Statystyki dla Rozpoznaj piłkarza po karierze #3

Kliknij tutaj aby rozwiązać quiz!

Ogólne statystyki

  • Ten quiz został rozwiązany 436 razy
  • Średni wynik to 8 z 12

Statystyki odpowiedzi

klubypiłkarz% Poprawnych
Santos-->Fc Barcelona-->PSGNeymar
98%
Malmo-->Ajax->Juventus-->Inter-->FC Barcelona-->AC Milan-->PSG-->Man Utd-->La Galaxy-->AC MilanZlatan Ibrahimovic
93%
FC Metz-->Red Bull Salzburg-->Southampton-->Liverpool-->Bayern MonachiumSadio Mane
86%
FC Metz-->Galatasaray-->Marseille-->Bayern-->Fiorentina-->SalernitanaFranck Ribery
79%
Internacional-->AS Roma-->LiverpoolAlisson
76%
Crvena Zvezda-->Apol. Limassol-->Benfica-->Eintracht Frankfurt-->Real Madryt-->Eintracht Frankfurt(Wypożyczenie)-->Real Madryt-->Eintracht Frankfurt(Wypożyczenie)Luka Jovic
76%
Independiente-->Atletico Madryt-->Man City-->Fc Barcelona-->Koniec karierySergio Aguero
76%
Rio Ave FC-->Benfica-->Man CityEderson
65%
Orlen Płock-->Grodzisk-->Austria Wiedeń->Vålerenga-->ŁKS Łódź-->Śląsk Wrocław-->Lechia Gdańsk-->Koniec KarierySebastian Mila
54%
Legia-->Toulouse-->Hellas(Wypożyczenie)-->Wisła Płock-->Genclerbirligi-->Wisła PłockDominik Furman
53%
Racing Club-->Inter MediolanLautaro Martinez
48%
Defensor-->Celta Vigo-->ValenciaMaxi Gomez
15%

Rozkład punktacji

Percentyl według liczby udzielonych odpowiedzi

Procent ludzi z każdym wynikiem

Twoja historia wyników

Nie rozwiązałeś tego quizu